Taylor Swift...or Ariana Grande - Statistics

General Stats
  • This quiz has been taken 442 times
    412 since last reset
  • The average score is 28 of 30
Answer Stats
Hint Answer % Correct
God Is A Woman Ariana Grande
97%
No Tears Left To Cry Ariana Grande
97%
Side To Side Ariana Grande
97%
I Knew You Were Trouble Taylor Swift
97%
Into You Ariana Grande
96%
7 Rings Ariana Grande
96%
Thank U, Next Ariana Grande
96%
Wildest Dreams Taylor Swift
96%
Enchanted Taylor Swift
96%
Dangerous Woman Ariana Grande
95%
Yes, And? Ariana Grande
95%
Lover Taylor Swift
95%
The Man Taylor Swift
95%
The Boy Is Mine Ariana Grande
94%
Sweetener Ariana Grande
94%
Don't Blame Me Taylor Swift
94%
...Ready For It Taylor Swift
94%
Bejeweled Taylor Swift
94%
Bye Ariana Grande
93%
One Last Time Ariana Grande
93%
This Is Why We Can't Have Nice Things Taylor Swift
93%
I Know Places Taylor Swift
92%
All Of The Girls You Loved Before Taylor Swift
92%
Afterglow Taylor Swift
92%
Breathin Ariana Grande
91%
Tolerate It Taylor Swift
91%
Focus Ariana Grande
89%
Gorgeous Taylor Swift
89%
False God Taylor Swift
88%
Don't Wanna Break Up Again Ariana Grande
78%
No matching quizzes found
Score Distribution
Percent of People with Each Score
Percentile by Number Answered
Your Score History
You have not taken this quiz since the last reset